UM Logo

Anti-immigrant prejudice : (Record no. 20820)

MARC details
000 -LEADER
fixed length control field 00847nam a22001817a 4500
005 - DATE AND TIME OF LATEST TRANSACTION
control field 20250217154411.0
008 - FIXED-LENGTH DATA ELEMENTS--GENERAL INFORMATION
fixed length control field 240822b ||||| |||| 00| 0 eng d
082 ## - DEWEY DECIMAL CLASSIFICATION NUMBER
Classification number DPer 658.8 J826 October-December 2019 v. 117, n. 4-6
100 ## - MAIN ENTRY--PERSONAL NAME
Personal name Wolf, Lucas J.
Relator term author.
9 (RLIN) 58819
245 ## - TITLE STATEMENT
Title Anti-immigrant prejudice :
Remainder of title understanding the roles of (Perceived) values and value dissimilarity /
Statement of responsibility, etc. Lucas J. Wolf, Netta Weinstein, and Gregory R. Maio.
260 ## - PUBLICATION, DISTRIBUTION, ETC. (IMPRINT)
Place of publication, distribution, etc. Philadelphia ;
Name of publisher, distributor, etc. American Psychological Association,
Date of publication, distribution, etc. November 2019.
300 ## - PHYSICAL DESCRIPTION
Extent volume 119, pages 925-953,
Other physical details illustration.
500 ## - GENERAL NOTE
General note Journal of Personality and Social Psychology, vol. 117, n. 5, pages 925-954, November 2019.
700 ## - ADDED ENTRY--PERSONAL NAME
Personal name Wolf, Lucas J.
Relator term author.
9 (RLIN) 58819
700 ## - ADDED ENTRY--PERSONAL NAME
Personal name Weinstein, Netta.
Relator term author.
9 (RLIN) 58820
700 ## - ADDED ENTRY--PERSONAL NAME
Personal name Maio, Gregory R.
Relator term author.
9 (RLIN) 272
942 ## - ADDED ENTRY ELEMENTS (KOHA)
Source of classification or shelving scheme Dewey Decimal Classification
Koha item type Periodicals
Holdings
Withdrawn status Lost status Source of classification or shelving scheme Damaged status Not for loan Collection code Home library Current library Date acquired Total Checkouts Date last seen Price effective from Koha item type Public note
    Dewey Decimal Classification     Periodicals UM Digos College - LIC UM Digos College - LIC 08/22/2024   08/22/2024 08/22/2024 Periodicals Periodical Article